000 00595nam a2200265Ia 4500
005 20260306164021.0
008 008 260114s9999 xx 000 0 eng d
020 _a9781469605333
037 _aEBOOK
040 _aCRL
040 _beng
040 _cCRL
041 _2eng
041 _aeng
084 _qCRL
100 _aFisk
_9879322
245 0 _aWorking Knowledge
260 _bUniversity of North Carolina Press
260 _c2014
650 _aLaw
856 _uhttps://academic.oup.com/book/12996
942 _cEBOOK
999 _c1712418
_d1712418